Územné finančné orgány

Územné finančné orgány sú jedným z druhov orgánov štátnej správy. Ich sústavu tvoria Ústredné daňové riaditeľstvo Slovenskej republiky, daňové úrady a správy finančnej kontroly. Základná právna úprava je zabezpečená zákonom č. 254/1993 Z.z. v znení neskorších predpisov. Celkový pohľad na činnosť a k...

ver descrição completa

Na minha lista:
Detalhes bibliográficos
Autor principal: Králik, Jozef
Outros Autores: Böhmová, Daniela
Formato: Capítulo de Livro
Idioma:eslovaco
Assuntos:
Tags: Adicionar Tag
Sem tags, seja o primeiro a adicionar uma tag!

MARC

LEADER 00000naa a2200000 4500
001 r030229
005 20230825080433.9
041 0 |a slo 
044 |a SK 
245 1 0 |a Územné finančné orgány  |c Jozef Králik, Daniela Böhmová 
520 |a Územné finančné orgány sú jedným z druhov orgánov štátnej správy. Ich sústavu tvoria Ústredné daňové riaditeľstvo Slovenskej republiky, daňové úrady a správy finančnej kontroly. Základná právna úprava je zabezpečená zákonom č. 254/1993 Z.z. v znení neskorších predpisov. Celkový pohľad na činnosť a kompetencie územných finančných orgánov. 
610 2 0 |a orgány finančné 
610 2 0 |a správa štátna 
610 2 0 |a orgány štátne 
610 2 0 |a úrady daňové 
610 2 0 |a kontrola finančná 
610 2 0 |a kontrola daňová 
610 2 0 |a kompetencie 
610 2 0 |a legislatíva 
610 2 0 |a Slovensko 
100 1 |a Králik, Jozef 
700 1 |a Böhmová, Daniela